000
00267nam a2200121 4500
999
_c
10778
_d
10778
003
OSt
005
20220708170058.0
008
220708b ||||| |||| 00| 0 eng d
100
_a
Edward Allen
245
_a
Stone shelter
260
_a
London
_b
MIT Press
942
_2
ddc